<?xml version="1.0" encoding="UTF-8"?>
<marc:record xmlns:marc="http://www.loc.gov/MARC21/slim">
   <marc:leader>00000nam a2200000 a 4500</marc:leader>
   <marc:datafield ind1=" " ind2=" " tag="653">
      <marc:subfield code="a">DVD-Video</marc:subfield>
   </marc:datafield>
   <marc:datafield ind1=" " ind2=" " tag="653">
      <marc:subfield code="a">DVD</marc:subfield>
   </marc:datafield>
   <marc:datafield ind1=" " ind2=" " tag="653">
      <marc:subfield code="a">Märchen</marc:subfield>
   </marc:datafield>
   <marc:datafield ind1=" " ind2=" " tag="653">
      <marc:subfield code="a">Kinder DVD</marc:subfield>
   </marc:datafield>
   <marc:datafield ind1="0" ind2="0" tag="245">
      <marc:subfield code="a">Der Däumling</marc:subfield>
   </marc:datafield>
   <marc:datafield ind1=" " ind2="1" tag="264">
      <marc:subfield code="c">2004</marc:subfield>
   </marc:datafield>
   <marc:datafield ind1="1" ind2=" " tag="520">
      <marc:subfield code="a">Als er der machtgierigen Hexe die Unterstützung verweigert, wird der brave Schusterjunge Jakob in einen buckligen Zwerg mit überlanger Nase verwandelt. Von der eigenen Mutter nicht mehr erkannt, von den Bürgern der Stadt verspottet und verjagt, läuft Jakob eines Tages eine Gans über den Weg. Gemeinsam mit dem Federtier - in Wirklichkeit des Königs verwunschene Tochter Greta - versucht Jakob nun, die Verwandlung wieder rückgängig zu machen und der bösen Zauberin das Handwerk zu legen.</marc:subfield>
   </marc:datafield>
   <marc:datafield ind1="0" ind2=" " tag="490">
      <marc:subfield code="v">8.</marc:subfield>
   </marc:datafield>
   <marc:datafield ind1=" " ind2=" " tag="300">
      <marc:subfield code="a">Spieldauer: 50 Min.</marc:subfield>
   </marc:datafield>
</marc:record>
